000 00291nam a2200121Ia 4500
005 20251222144641.0
008 251222s9999||||xx |||||||||||||| ||spa||
020 _a978-612-45491-0-6
082 _a363.348.5/I59
245 0 _aLecciones Aprendidas del Sur:
264 _bIndeci
942 _cLIB
999 _c16687
_d16687